UM Logo

Taludtod at talinghaga: (Record no. 6648)

MARC details
000 -LEADER
fixed length control field 00549nam a22001577a 4500
008 - FIXED-LENGTH DATA ELEMENTS--GENERAL INFORMATION
fixed length control field 170424b xxu||||| |||| 00| 0 eng d
020 ## - INTERNATIONAL STANDARD BOOK NUMBER
International Standard Book Number 9712700500
082 ## - DEWEY DECIMAL CLASSIFICATION NUMBER
Edition number 1991
Classification number DFil 899.211
Item number A16
100 ## - MAIN ENTRY--PERSONAL NAME
9 (RLIN) 20135
Personal name Almario, Virgilio S.
245 ## - TITLE STATEMENT
Title Taludtod at talinghaga:
Remainder of title mga sangkap ng katutubong pagtula/
Statement of responsibility, etc. Virgilio S. Almario.
260 ## - PUBLICATION, DISTRIBUTION, ETC. (IMPRINT)
Place of publication, distribution, etc. Pasig City:
Name of publisher, distributor, etc. Anvil Publishing, Inc.,
Date of publication, distribution, etc. c1991.
300 ## - PHYSICAL DESCRIPTION
Extent 271 pages;
Dimensions 22 cm.
500 ## - GENERAL NOTE
General note Includes bibliographical references.
650 #0 - SUBJECT ADDED ENTRY--TOPICAL TERM
9 (RLIN) 20136
Topical term or geographic name as entry element Philippine literature
Form subdivision Collections.
942 ## - ADDED ENTRY ELEMENTS (KOHA)
Source of classification or shelving scheme Dewey Decimal Classification
Koha item type Filipiniana
Holdings
Withdrawn status Lost status Source of classification or shelving scheme Damaged status Not for loan Collection code Home library Current library Date acquired Source of acquisition Total Checkouts Full call number Barcode Date last seen Price effective from Koha item type
    Dewey Decimal Classification     Filipiniana UM Digos College - LIC UM Digos College - LIC 10/03/2003 Purchased   DFil 899.211 A16 1991 16062 05/15/2025 04/24/2017 Filipiniana